000 00574nam a2200229Ia 4500
003 OSt
005 20221005121141.0
006 a|||||r|||| 00| 0
007 ta
008 221004b |||||||| |||| 00| 0 mar d
024 _a60725
037 _cTextual
040 _aCRL
_cCRL
_bmar
041 _2mar
_amar
082 _aO155,1NSUx, 33L3
100 _aSudhansu
_9630163
245 0 _aGita dhathatreya
260 _c1973
650 _aMARATHI LITERATURE
_938000
942 _hO155,1NSUx, 33L3
_cTEXL
_2cc
999 _c1040265
_d1040265